Back from the brink (Record no. 83260)

MARC details
000 -LEADER
fixed length control field 00659cab a22002295a 4500
001 - CONTROL NUMBER
control field L153323
008 - FIXED-LENGTH DATA ELEMENTS--GENERAL INFORMATION
fixed length control field 110711e20110708xxk 000 0 eng d
035 ## - SYSTEM CONTROL NUMBER
System control number (Sirsi) u153323
041 0# - LANGUAGE CODE
Language code of text/sound track or separate title eng
100 1# - MAIN ENTRY--PERSONAL NAME
Personal name Wright, Emily
245 00 - TITLE STATEMENT
Title Back from the brink
260 ## - PUBLICATION, DISTRIBUTION, ETC.
Date of publication, distribution, etc. 2011
490 ## - SERIES STATEMENT
Series statement Building
Volume/sequential designation 276(8686) 8 July 2011, 32-33(2)
520 ## - SUMMARY, ETC.
Summary, etc. The Middle East is now investing in infrastructure, a look at the construction opportunities in Qatar, Dubai and Abu Dhabi.
590 ## - LOCAL NOTE (RLIN)
Local note KA
651 #4 - SUBJECT ADDED ENTRY--GEOGRAPHIC NAME
Geographic name Middle East
651 #4 - SUBJECT ADDED ENTRY--GEOGRAPHIC NAME
Geographic name Qatar
651 #4 - SUBJECT ADDED ENTRY--GEOGRAPHIC NAME
Geographic name Dubai
651 #4 - SUBJECT ADDED ENTRY--GEOGRAPHIC NAME
Geographic name Abu Dhabi
690 ## - LOCAL SUBJECT ADDED ENTRY--TOPICAL TERM (OCLC, RLIN)
Topical term or geographic name as entry element BUILT ENVIRONMENT-CONSTRUCTION MANAGEMENT
942 ## - ADDED ENTRY ELEMENTS (KOHA)
Suppress in OPAC 0
Holdings
Withdrawn status Lost status Source of classification or shelving scheme Damaged status Not for loan Home library Current library Shelving location Date acquired Total Checkouts Full call number Barcode Date last seen Copy number Price effective from Koha item type
    Dewey Decimal Classification     London London Journal article 11/07/2011   L153323 153323-1001 06/08/2019 1 06/08/2019 Journal article